000 01941cam a2200493Mi 4500
999 _c3744
_d3744
001 .b27089812
003 OCoLC
005 20241009092626.0
008 190924r20202018enka j 000 f eng d
020 _a9780241389317
_q(paperback)
035 _a(OCoLC)1108271300
040 _aKOTUI
_beng
_erda
_cKOTUI
_dOCLCO
_dOCLCF
_dOCLCQ
_dOCLCA
_dC6D
_dOCLCO
_dKH8
042 _anbic
082 _aFIC KIN
100 1 _aKinney, Jeff,
_eauthor,
_eillustrator.
245 1 0 _aDiary of a wimpy kid :
_bthe meltdown /
_cby Jeff Kinney.
246 1 0 _aMeltdown.
260 _aUnited Kingdom :
_bPuffin Books,
_c2020.
300 _a217 pages :
_billustrations ;
_c22 cm.
490 1 _aDiary of a wimpy kid ;
_vbk. 13.
520 _aWhen snow closes Greg Heffley's middle school, he and his best friend, Rowley Jefferson, face a fight for survival as warring gangs turn the neighborhood into a wintry battlefield.
600 1 0 _aHeffley, Greg
_c(Fictitious character)
_vJuvenile fiction.
650 0 _aSchools
_vJuvenile fiction.
650 0 _aSnow
_vJuvenile fiction.
650 0 _aBest friends
_vJuvenile fiction.
650 0 _aFriendship
_vJuvenile fiction.
650 0 _aWinter
_vJuvenile fiction.
650 1 _aDiaries
_vFiction.
650 1 _aHumorous stories.
650 7 _aBest friends.
_2fast
_0(OCoLC)fst00830870.
650 7 _aFriendship.
_2fast
_0(OCoLC)fst00935174.
650 7 _aSchools.
_2fast
_0(OCoLC)fst01107958.
650 7 _aSnow.
_2fast
_0(OCoLC)fst01121907.
650 7 _aWinter.
_2fast
_0(OCoLC)fst01176048.
655 0 _aChildren's stories.
655 7 _aDiary fiction.
_2fast
_0(OCoLC)fst01726582.
655 7 _aFiction.
_2fast
_0(OCoLC)fst01423787.
655 7 _aHumorous fiction.
_2fast
_0(OCoLC)fst01726649.
655 7 _aJuvenile works.
_2fast
_0(OCoLC)fst01411637.
655 7 _aHumorous fiction.
_2lcgft.
655 7 _aDiary fiction.
_2lcgft.
800 1 _aKinney, Jeff.
_tDiary of a wimpy kid ;
_v13.
942 _2ddc
_cFIC